000 00734nam a2200241Ia 4500
003 GCL
008 140319s9999 xx 000 0 ara d
040 _aGCL /
_cGCL
082 0 4 _a191
_bز ن
100 1 _aامام عبدالفتاح امام
245 1 0 _aفلسفة هيجل /
_cامام عبدالفتاح امام
700 1 _aستيس، ولتر
700 1 _aزكى نجيب محمود
260 _a[S.N] :
_bدار الثقافة للنشر والتوزيع ،
_c1980
300 _a714 ص
490 _a
650 0 4 _aالفلسفة
650 0 4 _aالفلسفة الحديثة
650 0 4 _aهيجل
650 0 4 _aالفلسفة الغربية
650 0 4 _aالفلسفة الفرنسية
942 _2ddc
_cBK
999 _c31804
_d31804